000 00499cam a2200169 4500500
005 20260405003026.0
041 _afre
042 _adc
100 1 0 _aSorente, Isabelle
_eauthor
245 0 0 _aĹ’uvre au gris
260 _c2020.
500 _a10
690 _aGris
690 _aIsabelle Sorente
786 0 _nPhilosophie magazine | 136 | 2 | 2020-02-01 | p. 18-18 | 1951-1787
856 4 1 _uhttps://shs.cairn.info/magazine-philosophie-magazine-2020-2-page-18?lang=fr&redirect-ssocas=7080
999 _c2063663
_d2063663